| 000 | 00407nam a2200133Ia 4500 | ||
|---|---|---|---|
| 008 | 231129s1992||||xx |||||||||||||| ||spa|| | ||
| 020 | _a0-8016-6722-4 | ||
| 040 | _bspa | ||
| 082 | _a616.075 G943g | ||
| 245 | 0 | _aGuía de diagnóstico diferencial en medicina clínica | |
| 260 | _c1992 | ||
| 264 | _aEstados Unidos de América : Mosby-Year Book | ||
| 942 |
_2ddc _cBKS |
||
| 999 |
_c14731 _d14731 |
||